STRATEGIC WORKFORCE MANAGEMENT : (Record no. 203408)

MARC details
000 -LEADER
fixed length control field 00997nam a2200289 i 4500
005 - DATE AND TIME OF LATEST TRANSACTION
control field 20260310154137.0
008 - FIXED-LENGTH DATA ELEMENTS--GENERAL INFORMATION
fixed length control field 260310s2025 my a gr 001 1beng d
020 ## - INTERNATIONAL STANDARD BOOK NUMBER
International Standard Book Number 9786294901780
Terms of availability RM47.00
Qualifying information paperback
040 ## - CATALOGING SOURCE
Original cataloging agency PPAK
Language of cataloging eng
Transcribing agency PPAK
Description conventions rda
082 04 - DEWEY DECIMAL CLASSIFICATION NUMBER
Edition number 23
Classification number 658.3
090 00 - LOCALLY ASSIGNED LC-TYPE CALL NUMBER (OCLC); LOCAL CALL NUMBER (RLIN)
Classification number (OCLC) (R) ; Classification number, CALL (RLIN) (NR) 658.3
Feature heading FAD
Feature heading G
100 0# - MAIN ENTRY--PERSONAL NAME
Personal name Fadillah Ismail,
Titles and words associated with a name Dr.,
Dates associated with a name 1983-
Relator term author.
245 10 - TITLE STATEMENT
Title STRATEGIC WORKFORCE MANAGEMENT :
Remainder of title Navigating Retention Succession and Knowledge /
Statement of responsibility, etc. FADILLAH ISMAIL, YASMEN BANO
264 #1 - PRODUCTION, PUBLICATION, DISTRIBUTION, MANUFACTURE, AND COPYRIGHT NOTICE
Place of production, publication, distribution, manufacture Batu Pahat, Johor :
Name of producer, publisher, distributor, manufacturer Penerbit UTHM,
Date of production, publication, distribution, manufacture, or copyright notice 2025
300 ## - PHYSICAL DESCRIPTION
Extent xi, 149 pages ;
Dimensions 23cm
336 ## - CONTENT TYPE
Content type term text
Source rdacontent
337 ## - MEDIA TYPE
Media type term unmediated
Source rdamedia
338 ## - CARRIER TYPE
Carrier type term volume
Source rdacarrier
500 ## - GENERAL NOTE
General note Includes index.
504 ## - BIBLIOGRAPHY, ETC. NOTE
Bibliography, etc. note Bibliography: pages 119-143.
650 10 - SUBJECT ADDED ENTRY--TOPICAL TERM
Topical term or geographic name entry element Personnel management
Topical term or geographic name entry element Labor supply
Topical term or geographic name entry element Knowledge management
Topical term or geographic name entry element Government publications
Geographic subdivision Malaysia
700 0# - ADDED ENTRY--PERSONAL NAME
Personal name Yasmen Bano,
Relator term author.
942 ## - ADDED ENTRY ELEMENTS (KOHA)
Source of classification or shelving scheme Dewey Decimal Classification
Koha item type Book
Holdings
Withdrawn Not for loan Current library Shelving location Date acquired Total Checkouts Full call number Barcode Date last seen Koha item type
    Perpustakaan Alor Setar Pinjaman Dewasa 18/03/2026   658.3 FAD A01904639 18/03/2026 Book
    Perpustakaan Awam Sungai Petani Pinjaman Dewasa 18/03/2026   658.3 FAD A01904640 18/03/2026 Book
    Perpustakaan Baling Pinjaman Dewasa 18/03/2026   658.3 FAD A01904644 18/03/2026 Book
    Perpustakaan Bandar Baharu Pinjaman Dewasa 18/03/2026   658.3 FAD A01904645 18/03/2026 Book
    Perpustakaan Jitra Pinjaman Dewasa 18/03/2026   658.3 FAD A01904641 18/03/2026 Book
    Perpustakaan Kuala Nerang Pinjaman Dewasa 18/03/2026   658.3 FAD A01904649 18/03/2026 Book
    Perpustakaan Kulim Pinjaman Dewasa 18/03/2026   658.3 FAD A01904643 18/03/2026 Book
    Perpustakaan Langkawi Pinjaman Dewasa 18/03/2026   658.3 FAD A01904642 18/03/2026 Book
    Perpustakaan Merbok Pinjaman Dewasa 18/03/2026   658.3 FAD A01904646 18/03/2026 Book
    Perpustakaan Pendang Pinjaman Dewasa 18/03/2026   658.3 FAD A01904650 18/03/2026 Book
    Perpustakaan Sik Pinjaman Dewasa 18/03/2026   658.3 FAD A01904648 18/03/2026 Book
    Perpustakaan Yan Pinjaman Dewasa 18/03/2026   658.3 FAD A01904647 18/03/2026 Book